La Carpio: segregación urbana, inseguridad y estigmatización social en una comunidad binacional en Costa Rica /
¿Cómo viven las y los habitantes de comunidades excluidas la experiencia de segregación urbana, inseguridad y estigmatización social? El proyecto del cual surgió este artículo se propone estudiar cómo se ha constituido un espacio de la ciudad y los significados que se asocian a éste por distintas in...
Gespeichert in:
| 1. Verfasser: | |
|---|---|
| Weitere Verfasser: | |
| Format: | Text |
| Schlagworte: | |
| Tags: |
Tag hinzufügen
Keine Tags, Fügen Sie den ersten Tag hinzu!
|
MARC
| LEADER | 00000 a a2200000 04500 | ||
|---|---|---|---|
| 001 | 8624 | ||
| 003 | |||
| 040 | |||
| 100 | |a Brenes Montoya, Mónica | ||
| 245 | |a La Carpio: segregación urbana, inseguridad y estigmatización social en una comunidad binacional en Costa Rica / |c Mónica Brenes Montoya | ||
| 520 | |a ¿Cómo viven las y los habitantes de comunidades excluidas la experiencia de segregación urbana, inseguridad y estigmatización social? El proyecto del cual surgió este artículo se propone estudiar cómo se ha constituido un espacio de la ciudad y los significados que se asocian a éste por distintas instituciones y actores sociales. Se exploran los factores sociales, intersubjetivos y subjetivos asociados a la experiencia de vivir e la comunidad de La Carpio en San José, Costa Rica | ||
| 650 | |a ASPECTOS SOCIALES | ||
| 650 | |a SEGURIDAD SOCIAL | ||
| 650 | |a COMUNIDADES | ||
| 650 | |a REPRESENTACION SOCIAL | ||
| 650 | |a MEDIOS DE COMUNICACION | ||
| 650 | |a COSTA RICA | ||
| 700 | |a Masís Fernández, Karen |a Paniagua Arguedas, Laura |a Sandoval García, Carlos | ||
| 773 | |g volumen 8, número 32; páginas 119-135 | ||
| 999 | |c 26357 |d 26357 | ||
